| 000 | 00948nam a22003257a 4500 | ||
|---|---|---|---|
| 003 | CHAP | ||
| 005 | 20220329135231.0 | ||
| 008 | 971013s1978 r 00010 d | ||
| 010 | _a33030 | ||
| 011 | _a34002 | ||
| 035 | _a38118 | ||
| 040 | _cCHAP | ||
| 082 |
_a335.4 _bN6 |
||
| 100 | 0 | 0 |
_aNove, Alec. _982010 |
| 245 | _aTeoría económica del socialismo | ||
| 260 |
_aMéxico, D. F. : _bFondo de Cultura Económica, _c1978 |
||
| 300 | _a495 p. | ||
| 490 |
_aLecturas _v; 22 |
||
| 590 |
_aBATCH-UPD _b10 _c20130110 _lUCH01 _h1002 |
||
| 590 |
_aBATCH-UPD _b10 _c20130410 _lUCH01 _h0613 |
||
| 590 |
_aBATCH-UPD _b10 _c20130914 _lUCH01 _h1231 |
||
| 590 |
_aCONVERSION _b10 _c20130109 _lUCH01 _h1319 |
||
| 650 | 1 | 4 |
_aEconomía. _935226 |
| 650 | 1 | 4 |
_aSocialismo. _9108040 |
| 700 | 0 |
_aNuti, D. M. _982241 |
|
| 830 | 0 |
_aLecturas _v; 22 _965503 |
|
| 901 | _aBK | ||
| 942 | _cLIBRO | ||
| 949 |
_a335.4 N6 _bBC _cLIBRO _d33724000342309 _eLIBRO _h43579 _i38118 _si |
||
| 999 |
_c33030 _d33030 |
||